00471nam a2200193 a 4500001001300000003000900013005001700022008004100039020001000080082001700090100001600107245002600123260003200149300000900181500003500190650002000225650001600245700001600261nice12345678IN_TiNIC20260116013007.0070619s1964 bhoa grp 000 0 urd  ac10000a891.41bAHM2 aAhmad, Afaq aMasnawi Sahrul Baiyan aBhopal bNo Publisherc1964 a160p aincludes index and biblioraphy aLiterature-Urdu aUrdu-Poetry1 aAhmad, Afaq